A Seleção Brasileira da Copa do Mundo de 2010 - Statistics

Estatísticas Gerais
  • Esse quiz foi jogado 332 vezes
  • A pontuação média é 16 de 24
Estatísticas das Respostas
Brasil 2010 - Jogadores e Técnico % Correto
Júlio Baptista
97%
Júlio César
94%
Kaká
92%
Robinho
91%
Lúcio
90%
Luís Fabiano
87%
Maicon
86%
Daniel Alves
85%
Felipe Mello
84%
Dunga
81%
Juan
73%
Elano
71%
Gilberto
67%
Thiago Silva
66%
Gilberto Silva
59%
Michel Bastos
59%
Doni
58%
Grafite
53%
Gomes
48%
Nilmar
47%
Josué
44%
Ramires
41%
Luisão
39%
Kléberson
36%
Nenhum quiz correspondente encontrado
Distribuição das Pontuações
Porcentagem de Pessoas com Cada Pontuação
Percentil de Números Respondidos
Sua Pontuação Histórica
Você não jogou esse quiz